<?xml version="1.0" encoding="UTF-8"?>
<collection xmlns="http://www.loc.gov/MARC21/slim">
<record>
  <controlfield tag="001">1903</controlfield>
  <controlfield tag="005">20160701171655.0</controlfield>
  <datafield tag="037" ind1=" " ind2=" ">
    <subfield code="a">ASTROimport-60</subfield>
  </datafield>
  <datafield tag="100" ind1=" " ind2=" ">
    <subfield code="a">Hensberge, H.</subfield>
  </datafield>
  <datafield tag="260" ind1=" " ind2=" ">
    <subfield code="c">1991</subfield>
  </datafield>
  <datafield tag="245" ind1=" " ind2=" ">
    <subfield code="a">On the origin of the statistical correlation between rotation periods and apparent radii for CP 2 stars</subfield>
  </datafield>
  <datafield tag="520" ind1=" " ind2=" ">
    <subfield code="a">Apparent rotational velocities and rotation periods for CP 2 stars are used to study the 'apparent' radius distribution of R sin i. It implies a distribution for the radii of CP 2 stars which is almost normal for their temperatures when compared to main sequence stars. However, a statistical correlation exists between rotation period P and R sin i. It is argued that, at least in the case of silicon stars, neither conservation of angular momentum on the main sequence, nor bias in the measured v sin i values are able to induce a correlation of the observed strength. Thus, one has to postulate either additional rotational braking depending statistically on R, or a detection bias depending statistically on i. It is shown that the correlation might be explained in both ways and the implications of each possibility are discussed. </subfield>
  </datafield>
  <datafield tag="700" ind1=" " ind2=" ">
    <subfield code="a"> Blomme, R.</subfield>
  </datafield>
  <datafield tag="700" ind1=" " ind2=" ">
    <subfield code="a"> van Rensbergen, W.</subfield>
  </datafield>
  <datafield tag="773" ind1=" " ind2=" ">
    <subfield code="p">Astronomy and Astrophysics</subfield>
    <subfield code="v">249</subfield>
    <subfield code="y">1991</subfield>
    <subfield code="c">401-410</subfield>
  </datafield>
  <datafield tag="856" ind1="4" ind2="2">
    <subfield code="a">http://esoads.eso.org/abs/1991A%26A...249..401H</subfield>
  </datafield>
  <datafield tag="905" ind1=" " ind2=" ">
    <subfield code="a">published in</subfield>
  </datafield>
  <datafield tag="980" ind1=" " ind2=" ">
    <subfield code="a">REFERD</subfield>
  </datafield>
</record>
</collection>